<?xml version="1.0" encoding="UTF-8"?><?xml-stylesheet type="text/xsl" href="static/style.xsl"?><OAI-PMH xmlns="http://www.openarchives.org/OAI/2.0/" xmlns:xsi="http://www.w3.org/2001/XMLSchema-instance" xsi:schemaLocation="http://www.openarchives.org/OAI/2.0/ http://www.openarchives.org/OAI/2.0/OAI-PMH.xsd"><responseDate>2026-04-14T07:31:23Z</responseDate><request verb="GetRecord" identifier="oai:www.recercat.cat:10230/27696" metadataPrefix="marc">https://recercat.cat/oai/request</request><GetRecord><record><header><identifier>oai:recercat.cat:10230/27696</identifier><datestamp>2025-12-20T16:54:01Z</datestamp><setSpec>com_2072_6</setSpec><setSpec>col_2072_452952</setSpec></header><metadata><record xmlns="http://www.loc.gov/MARC21/slim" xmlns:dcterms="http://purl.org/dc/terms/" xmlns:xsi="http://www.w3.org/2001/XMLSchema-instance" xmlns:doc="http://www.lyncode.com/xoai" xsi:schemaLocation="http://www.loc.gov/MARC21/slim http://www.loc.gov/standards/marcxml/schema/MARC21slim.xsd">
   <leader>00925njm 22002777a 4500</leader>
   <datafield ind2=" " ind1=" " tag="042">
      <subfield code="a">dc</subfield>
   </datafield>
   <datafield ind2=" " ind1=" " tag="720">
      <subfield code="a">Florit-Sureda, Marta</subfield>
      <subfield code="e">author</subfield>
   </datafield>
   <datafield ind2=" " ind1=" " tag="720">
      <subfield code="a">Conde Estévez, David</subfield>
      <subfield code="e">author</subfield>
   </datafield>
   <datafield ind2=" " ind1=" " tag="720">
      <subfield code="a">Vidal Barrull, Joana</subfield>
      <subfield code="e">author</subfield>
   </datafield>
   <datafield ind2=" " ind1=" " tag="720">
      <subfield code="a">Montagut Viladot, Clara</subfield>
      <subfield code="e">author</subfield>
   </datafield>
   <datafield ind2=" " ind1=" " tag="260">
      <subfield code="c">2016-12-05T12:30:02Z</subfield>
   </datafield>
   <datafield ind2=" " ind1=" " tag="260">
      <subfield code="c">2016</subfield>
   </datafield>
   <datafield ind2=" " ind1=" " tag="520">
      <subfield code="a">5-Fluorouracil (5-FU) is combined with folinic acid (FA) for enhancing its cytotoxic effects in the colon cancer chemotherapy treatment. Folinic acid has rarely been involved in hypersensitivity reactions. Here, we report a case of FA hypersensitivity in an adult patient initially attributed to oxaliplatin administered concurrently. A 56-year-old male patient diagnosed with colon cancer received twelve cycles of FOLFOX4, one cycle of FOLFIRI plus cetuximab and nine cycles of FOLFOX6 uneventful. At the tenth cycle of FOLFOX6 chemotherapy, after 15 minutes of starting the infusion of oxaliplatin and FA, the patient reported flushing, pruritus and abdominal pain and erythema and oedema developed over the face and thorax. After progression, FOLFIRI plus aflibercept was scheduled and another reaction occurred. At this time, FA was discontinued and the patient received another cycle consisted on irinotecan plus 5-FU without incidences. This episode of hypersensitivity reaction following FA infusion with no oxaliplatin empirically confirmed that the hypersensitivity reaction was secondary to FA. Clinicians should be aware of hypersensitivity reaction with FA, especially when FA is administered concomitantly with oxaliplatin, despite its lower risk to cause hypersensitivity reactions. Furthermore, the similar signs and symptoms associated to the hypersensitivity reactions of each agent, highlight the importance of having a specialised allergist team for to make a prompt diagnose of the causative agent in order to prevent patient harm and proceed properly without unnecessary delays in the scheduled chemotherapy treatments.</subfield>
   </datafield>
   <datafield tag="653" ind2=" " ind1=" ">
      <subfield code="a">Colon -- Càncer -- Quimioteràpia</subfield>
   </datafield>
   <datafield tag="653" ind2=" " ind1=" ">
      <subfield code="a">Àcid folínic</subfield>
   </datafield>
   <datafield ind2="0" ind1="0" tag="245">
      <subfield code="a">Hypersensitivity reaction caused by folinic acid administration: a case report and literature review.</subfield>
   </datafield>
</record></metadata></record></GetRecord></OAI-PMH>